| Tag |
First Indicator |
Second Indicator |
Subfields |
| LEADER |
00000cam a2200000 4500 |
| 001 |
in00000623554 |
| 005 |
20230831092842.0 |
| 008 |
680301s1968 ctu bd 000 0 eng |
| 010 |
|
|
|a 68001008
|
| 019 |
|
|
|a 1086941
|
| 029 |
1 |
|
|a AU@
|b 000025062071
|
| 035 |
|
|
|a (OCoLC)ocm02581553
|
| 035 |
|
|
|a (OCoLC)2581553
|z (OCoLC)1086941
|
| 035 |
|
|
|a (OCoLC)ocm02581553
|
| 040 |
|
|
|a DLC
|b eng
|c DLC
|d OCLCQ
|d OCLCG
|d EYM
|d CRU
|d NIALS
|d OCLCO
|d OCLCF
|d OCLCQ
|d OCLCO
|d GILDS
|d OCL
|d OCLCO
|d OCL
|d OCLCO
|
| 050 |
|
0 |
|a Z6001
|b .L58
|
| 050 |
1 |
4 |
|a G103
|b .L76
|
| 082 |
0 |
0 |
|a 016.91
|
| 100 |
1 |
|
|a Lock, C. B. Muriel
|q (Clara Beatrice Muriel),
|d 1914-
|
| 245 |
1 |
0 |
|a Geography; a reference handbook
|c [by] C.B. Muriel Lock.
|
| 260 |
|
|
|a [Hamden, Conn.]
|b Archon Books
|c [1968]
|
| 300 |
|
|
|a 179 pages
|c 23 cm
|
| 336 |
|
|
|a text
|b txt
|2 rdacontent
|
| 337 |
|
|
|a unmediated
|b n
|2 rdamedia
|
| 338 |
|
|
|a volume
|b nc
|2 rdacarrier
|
| 650 |
|
0 |
|a Geography
|v Dictionaries.
|
| 650 |
|
0 |
|a Geography
|v Bibliography.
|
| 650 |
|
6 |
|a Géographie
|v Dictionnaires anglais.
|
| 650 |
|
6 |
|a Géographie
|v Bibliographie.
|
| 650 |
|
7 |
|a Geography.
|2 fast
|0 (OCoLC)fst00940469
|
| 655 |
|
2 |
|a Dictionary
|
| 655 |
|
2 |
|a Bibliography
|
| 655 |
|
7 |
|a dictionaries.
|2 aat
|
| 655 |
|
7 |
|a bibliographies.
|2 aat
|
| 655 |
|
7 |
|a Bibliographies.
|2 fast
|0 (OCoLC)fst01919895
|
| 655 |
|
7 |
|a Dictionaries.
|2 fast
|0 (OCoLC)fst01423826
|
| 655 |
|
7 |
|a Dictionaries.
|2 lcgft
|
| 655 |
|
7 |
|a Bibliographies.
|2 lcgft
|
| 655 |
|
7 |
|a Dictionnaires.
|2 rvmgf
|
| 655 |
|
7 |
|a Bibliographies.
|2 rvmgf
|
| 776 |
0 |
8 |
|i Online version:
|a Lock, C.B. Muriel (Clara Beatrice Muriel), 1914-
|t Geography; a reference handbook.
|d [Hamden, Conn.] Archon Books [1968]
|w (OCoLC)580189333
|
| 948 |
|
|
|h HELD BY TXA - 136 OTHER HOLDINGS
|
| 994 |
|
|
|a Z0
|b TXA
|
| 999 |
f |
f |
|s a8ec944b-08a5-394e-8b0f-3627c698e88b
|i 48cefcbd-9b31-3f7a-a82d-dc4a1d523270
|t 0
|
| 952 |
f |
f |
|p ric
|a Texas A&M University
|b Rellis Campus
|c Joint Library Facility
|d Remote Storage
|t 0
|e G63 .L58
|h Library of Congress classification
|i unmediated -- volume
|m A14802376844
|
| 998 |
f |
f |
|a G63 .L58
|t 0
|l Remote Storage
|